Boetia mechanographia medioevalis

Αποθηκεύτηκε σε:
Λεπτομέρειες βιβλιογραφικής εγγραφής
Κύριος συγγραφέας: Βλυσίδου, Βασιλική Ν.
Συγγραφή απο Οργανισμό/Αρχή: Εταιρεία Βοιωτικών Μελετών
Άλλοι συγγραφείς: Λαμπάκης, Στυλιανός, Λουγγής, Τηλέμαχος Κ., 1945-, Κουντούρα-Γαλάκη, Ελεωνόρα
Μορφή: Βιβλίο
Γλώσσα:Greek
Δημοσίευση: Αθήνα : Εταιρεία Βοιωτικών Μελετών, 1988.
Θέματα:
Ετικέτες: Προσθήκη ετικέτας
Δεν υπάρχουν, Καταχωρήστε ετικέτα πρώτοι!

MARC

LEADER 00000cam a2200000 i 4500
001 1/46086
008 070613s1988 gr | ||| |||| ||gre||
035 |l 10088285 
040 |a GR-MyUa  |b gre  |e AACR2 
041 0 |a gre 
082 7 |a 025.04   |2 (22) 
100 1 |a Βλυσίδου, Βασιλική Ν. 
245 1 0 |a Boetia mechanographia medioevalis   |h [ανάτυπο] /   |c Βασιλική Βλυσίδου ; Ελεωνόρα Κουντουρά, Στέλιος Λαμπάκης, Τηλέμαχος Κ. Λουγγής...[κ.ά.]. 
260 |a Αθήνα :   |b Εταιρεία Βοιωτικών Μελετών,   |c 1988. 
300 |a 40 σ. ;   |c 24 εκ. 
500 |a Ανάτυπο απο: Επετηρίς της Εταιρείας Βοιωτικών Μελετών, τόμος α', τεύχος α'. 
650 0 |a Information storage and retrieval systems. 
651 0 |a Voiotia (Greece)  |x History. 
700 1 |a Λαμπάκης, Στυλιανός. 
700 1 |a Λουγγής, Τηλέμαχος Κ.,   |d 1945- 
700 1 |a Κουντούρα-Γαλάκη, Ελεωνόρα. 
710 2 |a Εταιρεία Βοιωτικών Μελετών. 
852 |a INST  |b RHODES  |e 20070613  |h 025.04 ΒΛΥ  |p 005400020499  |q 005400020499  |t BK  |y 0 
901 |a BIBL4-2007-2 
970 |a ΜΙΣΣΟΣ  |b ΣΤΑΥΡΟΣ  |z 2007/06/13